|
|
|
|
| LEADER |
01029nam a2200229 a 4500 |
| 008 |
100524s1965 enk 000 0 eng d |
| 020 |
|
|
|a 0435905481
|
| 040 |
|
|
|a DLC
|c DLC
|d DLC
|d BD-DhAAL
|
| 082 |
0 |
4 |
|a 823
|2 16
|
| 100 |
0 |
|
|a Ngũgĩ wa Thiongʼo,
|d 1938-
|
| 245 |
1 |
4 |
|a The river between /
|c Ngugi Wa Thiong'o.
|
| 260 |
|
|
|a London :
|b Heinemann,
|c 1965.
|
| 300 |
|
|
|a 152 p. ;
|c 20 cm.
|
| 500 |
|
|
|a Published under the author's earlier name: James Ngugi.
|
| 541 |
1 |
|
|e 00020298
|
| 650 |
|
0 |
|a Kikuyu (African people)
|x Missions
|v Fiction.
|
| 650 |
|
0 |
|a Kikuyu (African people)
|z Kenya
|x History
|v Fiction.
|
| 651 |
|
0 |
|a Kenya
|x Religion
|v Fiction.
|
| 852 |
4 |
|
|a Ayesha Abed Library
|j General Shelf
|
| 999 |
|
|
|c 8694
|d 8694
|
| 952 |
|
|
|0 0
|1 0
|2 ddc
|4 0
|6 823_NGU_196500000000000
|7 0
|9 10462
|a BRACUL
|b BRACUL
|c GEN
|d 2010-05-24
|l 7
|m 24
|o 823 NGU
|p 3010020298
|r 2020-02-05
|s 2020-01-30
|t 1
|w 2010-05-24
|y BK
|
| 952 |
|
|
|0 0
|1 0
|2 ddc
|4 0
|6 823_NGU_196500000000000
|7 0
|9 10463
|a BRACUL
|b BRACUL
|c GEN
|d 2010-05-24
|l 3
|m 31
|o 823 NGU
|p 3010020299
|r 2018-01-16
|s 2017-10-03
|t 2
|w 2010-05-24
|y BK
|